Central Library OPAC University of Rajshahi

National recovery measures in the United States / (Record no. 46246)

MARC details
000 -LEADER
fixed length control field 01179nam a2200349 a 4500
001 - CONTROL NUMBER
control field 46246
003 - CONTROL NUMBER IDENTIFIER
rucl marc code BD-RjUL
005 - DATE AND TIME OF LATEST TRANSACTION
control field 20211209054127.0
008 - FIXED-LENGTH DATA ELEMENTS--GENERAL INFORMATION
fixed length control field 160801s1933 sz a 000 0 eng d
035 ## - SYSTEM CONTROL NUMBER
System control number MITb10892170
System control number (BD-RjUL)46364
040 ## - CATALOGING SOURCE
Original cataloging agency DVP
Transcribing agency DVP
Modifying agency OCL
-- MYG
Language of cataloging eng
041 ## - LANGUAGE CODE
Language code of text/sound track or separate title eng
082 ## - DEWEY DECIMAL CLASSIFICATION NUMBER
Classification number 330.973
Author mark and year NAT 1933
110 2# - MAIN ENTRY--CORPORATE NAME
Corporate name or jurisdiction name as entry element International Labour Office.
9 (RLIN) 133440
245 10 - TITLE STATEMENT
Title National recovery measures in the United States /
260 ## - PUBLICATION, DISTRIBUTION, ETC. (IMPRINT)
Place of publication, distribution, etc. Geneva,
Date of publication, distribution, etc. 1933.
300 ## - PHYSICAL DESCRIPTION
Pagination viii, 224 p. :
Illustrations ill. ;
Size 24 cm.
490 1# - SERIES STATEMENT
Series statement Its Studies and reports, Series B (Economic conditions)
Volume/sequential designation no. 19
500 ## - GENERAL NOTE
General note At head of title: International labour office...
505 0# - FORMATTED CONTENTS NOTE
Formatted contents note --Introduction.--Legislative measures.--Industrial codes.
610 10 - SUBJECT ADDED ENTRY--CORPORATE NAME
Corporate name or jurisdiction name as entry element United States.
650 #0 - SUBJECT ADDED ENTRY--TOPICAL TERM
Topical term or geographic name as entry element Industrial laws and legislation
Geographic subdivision United States.
9 (RLIN) 134456
Topical term or geographic name as entry element Public works
Geographic subdivision United States.
9 (RLIN) 134457
651 #0 - SUBJECT ADDED ENTRY--GEOGRAPHIC NAME
Geographic name United States
General subdivision Economic policy.
9 (RLIN) 141258
710 1# - ADDED ENTRY--CORPORATE NAME
Corporate name or jurisdiction name as entry element United States.
Title of a work Laws, etc.
9 (RLIN) 134460
830 #0 - SERIES ADDED ENTRY--UNIFORM TITLE
Uniform title Studies and reports.
Volume number/sequential designation no. 19.
942 ## - ADDED ENTRY ELEMENTS (KOHA)
Source of classification or shelving scheme Dewey Decimal Classification
Koha item type Books
946 ## - LOCAL PROCESSING INFORMATION (OCLC)
a t
949 ## - LOCAL PROCESSING INFORMATION (OCLC)
a c
p 39080020362411
Holdings
Lost status Source of classification or shelving scheme Damaged status Not for loan Collection code Permanent Location Current Location Shelving location Date acquired Source of acquisition Cost, normal purchase price Total Checkouts Full call number Date last seen Copy number Koha item type
  Dewey Decimal Classification     Non-fiction Central Library, University of Rajshahi Central Library, University of Rajshahi   27/01/1962 A.g. Karachi 7.60   330.973 NAT 1933 01/08/2016 C-2 Books